000 01115nam a2200229 i 4500
001 189773
003 ES-MaACL
005 20251005063142.0
008 191118s1989 sp af |||| | spa d
020 _a84-87447-00-7
100 1 _aMerino, Daniel,
_d1941-
_9168771
245 1 0 _aMadrid, castillos y plazas fuertes /
_c[textos, María Isabel Pérez de Tudela y Velasco ; ilustraciones, Daniel Merino].
260 _aAlicante :
_bRembrandt Editions,
_c1989.
300 _a1 carpeta ([5] h. de lám. col. pleg., [10] p., [5] h. de lám. col.) ;
_c46 x 35 cm.
505 8 _aContiene: ;
_tEl castillo de Calatalifa ;
_tEl castillo de Casasola ;
_tEl castillo de Odón ;
_tEl castillo de la Alameda ;
_tLa fortaleza de Chinchón ;
_t[Alcalá de Henares: 1 lám.]
599 _aCon 5 aguafuertes originales, numerados y firmados por Daniel Merino.
650 0 4 _aCastillos-
_zMadrid (Comunidad Autónoma)
_910833
650 4 _aFortificaciones-
_zMadrid (Comunidad Autónoma)
_9168772
700 1 _aPérez de Tudela y Velasco, María Isabel
_990811
852 _aES-MaACL
_jGF-100
999 _c189773
_d189773